01364nam a2200217 a 4500001000200000003000900002005001700011008004100028020001800069040002600087082003100113100003900144245010800183260003600291300002700327505054300354600006200897650008800959651006501047700003401112 DO-SdBNP20220325083204.0190124s2016 dr a r 000 0 spa d a9789945167672 aDO-SdBNPbspacBPMSU  a923.297293bP426P 20162221 aPeralta Michel, Joséd 1941-196310aAlfredo Peralta Michel :bmártir de Las Manaclas /cJosé Peralta Michel; prólogo Frank Moya Pons  aSanto Domingo :bBúho,c2016. a87 p. :bil. ;c26 cm. aCONTENIDO: --Alfredo Antonio en mi memoria --Fotografías de su niñez --La muerte de Alfredo Antonio y otros hechos de Las Manaclas --Poema póstumo --Ayuntamiento de La Vega declara Hijo meritorio póst-mortem --Pequeña semblanza de Alfredo --Un testimonio revelador de la ingente resistencia a la tiranía --Fotografías de Alfredo y el 14 de Junio --Peralta Michel cuenta muerte de su hermano --Comité organizador realiza actos en La Vega --Fotos en el Museo Memorial de Resistencia --Orgullosamente vivo en la calle Alfredo14aPeralta Michel, Alfredo Antonio d 1941-1963vHomenajes 4aResistencia civilz Las Manaclas (San José de las Matas, República Dominicana)  4aRepública DominicanaxHistoriayEra de Trujillo, 1930-19611 aMoya Pons, Frank cprólogo